Porte-drapeaux français aux Jeux Olympiques - Mort Subite - Statistiques

Statistiques générales
  • Ce quiz a été pris 52 fois
    49 depuis la dernière actualisation
  • Le résultat moyen est 3 sur 15
Answers on the Grid
Answers color-coded by a green-red scale on the quiz's grid according to % correct below.
Marie José Pérec
David Douillet
Michael Phelps
Florent Manaudou
Mélina Robert Michon
Roland Garros
Clarisse Agbegnenou
Jules Noël
Yannick Noah
Samir Aït Saïd
Tony Estanguet
Laura Flessel
Antoine Dupont
Thierry Rey
Tony Parker
Kylian Mbappé
Paul Pogba
Pauline Ferrand Prévôt
Léon Marchand
Laure Manaudou
Martin Fourcade
Quentin Fillon Maillet
Gabriella Papadakis
Tessa Worley
Kevin Rolland
Jean Claude Killy
Camille Lacourt
Christian D'Oriola
Christine Caron
Jackson Richardson
Julian Alaphilippe
Nikola Karabatic
 
Statistiques - réponses
Réponse % Correct
Marie José Pérec
46%
Martin Fourcade
43%
Tony Estanguet
38%
Clarisse Agbegnenou
35%
Mélina Robert Michon
35%
Florent Manaudou
30%
David Douillet
27%
Laura Flessel
24%
Samir Aït Saïd
22%
Jackson Richardson
11%
Christine Caron
8%
Jules Noël
8%
Kevin Rolland
8%
Tessa Worley
8%
Christian D'Oriola
5%
Aucun quiz correspondant
Distribution des résultats
% des personnes avec chaque résultat
Percentile par nombre de réponses
Votre historique - résultats
Vous n’avez pas pris ce quiz depuis la dernière actualisation